000
00306nam a22001337a 4500
008
181031b xxu||||| |||| 00| 0 eng d
020
_a
0721630685
041
_a
eng
080
_a
616.12
100
_a
6
101
_a
KAR
245
_a
Textbook of Interventional Cardiology
_c
Topol, E.J
942
_2
udc
_c
BK
999
_c
51370
_d
51370